000
00329nam a2200145Ia 4500
008
100415s9999 xx 000 0 und d
082
_b
10624
_a
582
100
_a
Chauhan,D.K.S
245
_a
Systematic Botany
260
_c
1969
365
_b
0
630
_a
Systematic Botany
730
_a
Systematic Botany
942
_c
BOOK
999
_c
593550
_d
593547